000 00742nam a22002657a 4500
001 BR9505336
003 BR-BrBNA
005 20230928094633.0
007 ta
008 230509b bl.||||| |||| 00| 0 por d
040 _aBR-BrBNA
_bpor
_cBiblioteca Nacional de Agricultura
041 _a(Por)
072 _aD50; E50
090 _ D50 BR9505336
100 1 _aDemoro, L.
110 1 _aInstituto Nacional de Imigracao e Colonizacao Rio de Janeiro, GB (Brasil)
_96484
245 1 _aCoordenacao de leis de imigracao e colonizacao
260 3 _aRio de Janeiro, GB (Brasil):
_c1960.
300 _a320 p.
650 _aImigracao
650 _aColonizacao
650 _aLegislacao
909 _a202309
_bLucia
_c55
_dLucia Elande
942 _cBK
999 _c51797
_d51797